Statystyki dla Najczęściej używany język do flagi

Kliknij tutaj aby rozwiązać quiz!

Ogólne statystyki

  • Ten quiz został rozwiązany 20 razy
  • Średni wynik to 16 z 18

Statystyki odpowiedzi

Odpowiedź% Poprawnych
Angielski
100%
Japoński
100%
Francuski
94%
Hebrajski
94%
Koreański
94%
Niemiecki
94%
Portugalski
94%
Rosyjski
94%
Szwedzki
94%
Turecki
94%
Włoski
94%
Hiszpański
88%
Wietnamski
88%
Tajski
82%
Arabski
76%
Malajski
76%
Perski
71%
Bengalski
65%

Rozkład punktacji

Percentyl według liczby udzielonych odpowiedzi

Procent ludzi z każdym wynikiem

Twoja historia wyników

Nie rozwiązałeś tego quizu